Регионална библиотека "Любен Каравелов" - Русе

Стихотворения за деца (Запис номер 146433)

MARC детайли
000 -Лидер
Контролно поле с фиксирана дължина 01084nam a2200289 c 4500
003 - Код на организацията, давaща контролен номер
Контролно поле BLK
005 - Дата и час на последна редакция
Контролно поле 20241112092128.0
008 - Елементи от данни с фиксирана дължина
fixed length control field 180410b bul|||||r ||||||| ||bul||
010 ## - Наследен системен номер
LC control number KNG00152621000
040 ## - Източник на каталожния запис
Идентификатор на билиотеката - собственик на записа BLK
041 ## - Код за език
Код за езика на текст/звукозапис или на отделно заглавие Български
Код за езика КДБФ Български
080 ## - УДК
Текстов определител УДК Руска литература
УДК код - определител по УДК 821.161.1
УДК определител -93-1
УДК - код + определител 821.161.1-93-1
100 ## - Редна дума - Автор
Автор Михалков, Сергей Владимирович
Дати, свързани с автора 1913 - 2009
Автор - информация (биография) Писател, поет, драматург, баснописец.
R(LIN) 274880
139 ## - Редно поле
Редна дума Михалков, Сергей Владимирович
Авторски знак Михал - М 75
245 10 - Сведения за заглавието
Заглавие Стихотворения за деца
Редно поле (дума) Сергей Владимирович Михалков.
257 ## - Страна на издаване
Страна на създаване/издаване СССР
260 ## - Област на издателските данни
-- София
Име на издателя, разпространителя и проч. Нар. култура
Година на издаване 1954
300 ## - Физическа характеристика
Страници 84 с.
Илюстрации и др. с ил.
Размери/Мащаб 27 см
380 ## - Жанр
Жанр Детска худож. лит.
500 ## - Общи забележки
Забележка 10 000 тир.
852 ## - Местоположение
Форматна сигнатура Цб ІІ 6897
856 4# - Електронен адрес и достъп
Електронен формат pdf - файл
Път до файла /url/
856 4# - Електронен адрес и достъп
Електронен формат pdf - файл
Път до файла /url/
942 ## - АРТИКУЛИ
Вид на библиотечния материал Книги
Скрит в OPAC Не
944 ## - СЪЗДАВАНЕ И РЕДАКЦИЯ на ЗАПИСА
Създаване/Редакция Създаване
Дата на регистрацията/редакция 30.10.2013
Статус, дата на статуса Геновева Генчева
Служител, извършил регистрацията/редакцията 30560
944 ## - СЪЗДАВАНЕ И РЕДАКЦИЯ на ЗАПИСА
Създаване/Редакция Редакция
Дата на регистрацията/редакция 30.10.2013
Статус, дата на статуса 30.10.2013 - от С1,Р / 30.10.2013
Служител, извършил регистрацията/редакцията
999 ## - СИСТЕМНИ КОНТРОЛНИ НОМЕРА
Koha biblionumber 146433
Koha biblioitemnumber 146433
Наличности
Код за отписване Код за изгубен артикул Източник на класификационната схема Код за повреда Коз за рестрикции Код за отдаване Артикулен № Име на библиотеката - собственик Име на библиотеката, в която се намира в момента Статус (Текущо местоположение) Дата на вписване в системата Местоположение - отдел Цена в лева Инвентарен номер Систематично азбучна сигнатура Баркод Номер на екземпляра Цена в евро Служебна бележка Служебен тип на артикула Бележка за публиката
  Не е изгубен Universal Decimal Classification Не е повреден без рестрикции ползва се в читалня 243629 Регионална библиотека "Любен Каравелов" Русе Регионална библиотека "Любен Каравелов" Русе Хранилище 1954-01-01 Основен фонд - ползва се само за читалня 3.00 641910 Цб ІІ 6897 120000641910 1 1.53 Вид: СФ Дата: 01.01.1954 Книги  
Изтеглен Не е изгубен Universal Decimal Classification Не е повреден без рестрикции заемане за дома 243630 Регионална библиотека "Любен Каравелов" Русе Регионална библиотека "Любен Каравелов" Русе Детски отдел 1954-01-01 Детски отдел 0.00 63/55-пф ДХ 820/899/М 75 63/55-пф 2 0.00 Вид: СФ Дата: 01.01.1954 Дата инв: 23.10.2015 Бележки инв: Д2015 Книги  
Изтеглен Не е изгубен Universal Decimal Classification Не е повреден без рестрикции заемане за дома 243631 Регионална библиотека "Любен Каравелов" Русе Регионална библиотека "Любен Каравелов" Русе Детски отдел 1954-01-01 Детски отдел 0.82 920/55 ДХ 820/899/М 75 920/55 3 0.42 Вид: СФ Дата: 01.01.1954 Дата инв: 12.09.2015 Бележки инв: Д2015 Книги  
Изтеглен Не е изгубен   Не е повреден без рестрикции заемане за дома 243632 Регионална библиотека "Любен Каравелов" Русе Регионална библиотека "Любен Каравелов" Русе   1954-01-01 Детски отдел 0.82 926/55 ДХ 820/899/М 75 926/55 4 0.42 Вид: СФ Дата: 01.01.1954 Дата инв: 12.09.2015 Бележки инв: Д2015 Книги Отч.N: 49/17 , Дата: 09.10.2017
Vip Innovations Ltd, Rousse, Bulgaria 2025